Loading...
| Literature - World | 0 | 5 | 0 | 1 | 50 | 89 | 103.00 | 0 | 0 | 0.00 | 0.00 |
| Pop Culture | 0 | 4 | 0 | 1 | 40 | 46 | 75.50 | 1 | 1 | 0.00 | 0.00 |
| Literature - American | 0 | 3 | 0 | 2 | 30 | 96 | 102.33 | 0 | 0 | 0.00 | 0.00 |
| Literature - British | 0 | 3 | 0 | 0 | 30 | 76 | 82.33 | 0 | 1 | 0.00 | 0.00 |
| Fine Arts - Other | 0 | 2 | 0 | 0 | 20 | 84 | 90.00 | 0 | 1 | 0.00 | 0.00 |
| History - World | 0 | 2 | 0 | 0 | 20 | 67 | 79.50 | 0 | 0 | 0.00 | 0.00 |
| Social Science | 0 | 1 | 0 | 1 | 10 | 103 | 103.00 | 0 | 0 | 0.00 | 0.00 |
| Geography | 0 | 1 | 0 | 0 | 10 | 91 | 91.00 | 0 | 0 | 0.00 | 0.00 |
| History - Other | 0 | 1 | 0 | 0 | 10 | 82 | 82.00 | 0 | 1 | 0.00 | 0.00 |
| Mythology | 0 | 1 | 0 | 0 | 10 | 99 | 99.00 | 0 | 0 | 0.00 | 0.00 |
| Painting/Sculpture | 0 | 1 | 0 | 0 | 10 | 114 | 114.00 | 0 | 0 | 0.00 | 0.00 |
| Current Events | 0 | 1 | 0 | 1 | 10 | 109 | 109.00 | 0 | 0 | 0.00 | 0.00 |
| History - European | 0 | 1 | 1 | 1 | 5 | 110 | 110.00 | 0 | 0 | 0.00 | 0.00 |